书目信息 |
| 书名: | Magnetic domains | |
| 作者: | Alex Hubert, Rudolf Sch?fer. | |
| 分册号: | ||
| 分册名: | 出版地: | 北京 : |
|
| 出版社: | 世界图书出版公司 | |
| 出版时间: | 2014. | |
| 页数: | xxiii, 696 p. : | |
| 开本: | 23 cm. | |
| 丛书名: | ||
| 中图分类号: | ||
| 科图分类号: | ||
| 其他分类号: | O482.54 | |
| 主题词: | ||
| 电子资源: | ||
| 000 | 00929nam 2200265 a 450 | |
| 001 | CAL 022014006063 | |
| 003 | CAL | |
| 005 | 20141217140351.2 | |
| 008 | 140219r20142000cc a b 001 0 eng d | |
| 020 | @a9787510068102@cCNY119.00 | |
| 040 | @aPUL@cPUL | |
| 093 | @aO482.54@24 | |
| 099 | @aO482.54/H878@dO482.54 | |
| 100 | 1 | @aHubert, Alex,@d1938- |
| 245 | 10 | @aMagnetic domains :@bthe analysis of magnetic microstructures = 磁畴 /@cAlex Hubert, Rudolf Sch?fer. |
| 246 | 31 | @a磁畴 |
| 260 | @a北京 :@b世界图书出版公司,@c2014. | |
| 300 | @axxiii, 696 p. :@bill. ;@c23 cm. | |
| 500 | @aCover title. | |
| 504 | @aIncludes bibliographical references (p. [599]-649) and index. | |
| 534 | @pReprint. Originally published:@cBerlin ; New York : Springer, 2000.@z3540641084 (hardcover : alk. paper) | |
| 650 | 0 | @aMagnetic materials. |
| 650 | 0 | @aDomain structure. |
| 700 | 1 | @aSch?fer, Rudolf. |
| 905 | @a河南城建学院图书馆@dO482.54@eH878 | |
| Magnetic domains : : the analysis of magnetic microstructures = 磁畴 / / Alex Hubert, Rudolf Sch?fer.-北京 : : 世界图书出版公司, , 2014. |
| xxiii, 696 p. : : ill. ; ; 23 cm. |
| Cover title.-Includes bibliographical references (p. [599]-649) and index. |
| ISBN 9787510068102CNY119.00 |
| ● |
| 相关链接 |
|
|
|
正题名:Magnetic domains
索取号:O482.54
 
预约/预借
| 序号 | 登录号 | 条形码 | 馆藏地/架位号 | 状态 | 备注 |
| 1 | 15718 | 300157185 | 自科库401/401自科库 59排3列2层/ [索取号:O482.54/] | 在馆 |